[Event "Madrid Chamartin op 7th"]
[Site "Madrid"]
[Date "2018.09.07"]
[Round "7"]
[White "Diaz Gomez, Mateo"]
[Black "De Juan Rivas, Antonio"]
[Result "1-0"]
[WhiteElo "1725"]
[BlackElo "1560"]
[PlyCount "47"]
[EventDate "2018.09.03"]
[EventType "swiss"]
[EventRounds "9"]
[EventCountry "ESP"]
[SourceTitle "CBM 187 Extra"]
[Source "ChessBase"]
[SourceDate "2018.11.04"]
[SourceVersion "1"]
[SourceVersionDate "2018.11.04"]
[SourceQuality "1"]

1. e4 e6 2. d4 d5 3. e5 c5 4. dxc5 Bxc5 5. Nf3 Nc6 6. Bd3 Qc7 7. 0-0 Nxe5 8. Bf4 Nxf3+ 9. Qxf3 Qb6 10. Nc3 Bd7 11. Be5 Ne7 12. Bxg7 Rg8 13. Bf6 Bc6 14. Bxh7 d4 15. Ne4 0-0-0 16. Bxg8 Rxg8 17. Bxe7 f5 18. Bxc5 Qxc5 19. Nxc5 Bxf3 20. g3 e5 21. Nd3 e4 22. Nf4 Kd7 23. Rad1 d3 24. cxd3 1-0

[Event "Madrid Chamartin op 7th"]
[Site "Madrid"]
[Date "2018.09.05"]
[Round "4"]
[White "Diaz Gomez, Mateo"]
[Black "Lobato Lavin, Alvaro"]
[Result "0-1"]
[WhiteElo "1725"]
[BlackElo "1936"]
[PlyCount "56"]
[EventDate "2018.09.03"]
[EventType "swiss"]
[EventRounds "9"]
[EventCountry "ESP"]
[SourceTitle "CBM 187 Extra"]
[Source "ChessBase"]
[SourceDate "2018.11.04"]
[SourceVersion "1"]
[SourceVersionDate "2018.11.04"]
[SourceQuality "1"]

1. e4 c5 2. d4 cxd4 3. c3 dxc3 4. Nxc3 Nc6 5. Nf3 d6 6. Bc4 e6 7. 0-0 Be7 8. Qe2 Nf6 9. Rd1 e5 10. Be3 Bg4 11. Rac1 0-0 12. h3 Bxf3 13. Qxf3 Rc8 14. Bd5 Qd7 15. g4 h6 16. Kh2 Nh7 17. Bb3 Ng5 18. Qg3 Ne6 19. h4 g5 20. hxg5 hxg5 21. Kg2 Nf4+ 22. Bxf4 exf4 23. Qh3 Ne5 24. f3 Kg7 25. Qh1 Rh8 26. Qf1 Nxg4 27. Ba4 Rh2+ 28. Kg1 Rch8 0-1

[Event "Gallego-ch U14"]
[Site "Viveiro"]
[Date "2017.02.27"]
[Round "5"]
[White "Diaz Gomez, Mateo"]
[Black "Buitron Ramil, David"]
[Result "1/2-1/2"]
[WhiteElo "1574"]
[BlackElo "1911"]
[PlyCount "71"]
[EventDate "2017.02.25"]
[EventType "swiss"]
[EventRounds "8"]
[EventCountry "ESP"]
[SourceTitle "EXT 2024"]
[Source "ChessBase"]
[SourceDate "2023.10.10"]
[SourceVersion "1"]
[SourceVersionDate "2023.10.10"]
[SourceQuality "1"]

1. e4 c5 2. d4 cxd4 3. c3 d3 4. Bxd3 d6 5. Nf3 Nf6 6. c4 Nc6 7. h3 g6 8. 0-0 Bg7 9. Nc3 0-0 10. Be3 Nd7 11. Qd2 Nce5 12. Nxe5 Nxe5 13. Be2 Be6 14. Nd5 b6 15. f4 Nd7 16. Bd4 Bxd4+ 17. Qxd4 Bxd5 18. cxd5 a6 19. Rac1 b5 20. Rc6 Qa5 21. a3 Rac8 22. Rxc8 Rxc8 23. Qe3 Qb6 24. Qxb6 Nxb6 25. Bd3 Na4 26. Rb1 Nc5 27. Rc1 Rb8 28. Rc3 Nxd3 29. Rxd3 Rc8 30. Rd2 Rc4 31. Re2 Kf8 32. Kf2 Ke8 33. Kf3 Kd7 34. Re3 a5 35. Rc3 Rc5 36. Ke3 1/2-1/2

[Event "Gallego-ch U14"]
[Site "Viveiro"]
[Date "2017.02.26"]
[Round "4"]
[White "Vazquez Velasco, Adrian"]
[Black "Diaz Gomez, Mateo"]
[Result "0-1"]
[WhiteElo "1327"]
[BlackElo "1574"]
[PlyCount "56"]
[EventDate "2017.02.25"]
[EventType "swiss"]
[EventRounds "8"]
[EventCountry "ESP"]
[SourceTitle "EXT 2024"]
[Source "ChessBase"]
[SourceDate "2023.10.10"]
[SourceVersion "1"]
[SourceVersionDate "2023.10.10"]
[SourceQuality "1"]

1. e4 e5 2. Nf3 f5 3. Nxe5 Qf6 4. Nc4 fxe4 5. Nc3 Qf7 6. Ne3 d5 7. Ncxd5 Be6 8. Bc4 Bd6 9. d3 exd3 10. Qxd3 Nd7 11. Bd2 Ne5 12. Qe4 0-0-0 13. 0-0-0 c6 14. Ba5 Rd7 15. f4 cxd5 16. Bxd5 Bxd5 17. Nxd5 Nc6 18. Bc3 Nge7 19. g3 Nxd5 20. Rxd5 Bxf4+ 21. Rd2 Bxd2+ 22. Bxd2 Qd5 23. Qxd5 Rxd5 24. Re1 Rhd8 25. Bf4 Nd4 26. c4 R5d7 27. Re5 Nc6 28. Re2 Nb4 0-1